8086 Microprocessor : (رقم التسجيلة. 38467)
[ عرض عادي ]
| 000 -الفاتح | |
|---|---|
| حقل البيانات ثابتة الطول | 00707nam a22002297a 4500 |
| 003 - محدد رقم الضبط | |
| رقم الضبط | OSt |
| 005 - وقت وتاريخ اخر تعامل مع التسجيلة | |
| رقم الضبط | 20151013211805.0 |
| 008 - عناصر البيانات ثابتة الطول - معلومات عامة | |
| حقل البيانات ثابتة الطول | 110828t 2010enu||||f |||| 00| 0 eng d |
| 020 ## - الرقم الدولى المعيارى للكتب | |
| الرقم الدولى المعيارى للكتاب | 9788120340879 |
| 040 ## - مصدر الفهرسة | |
| وكالة النسخ | maub |
| 082 ## - رقم تصنيف ديوى العشرى | |
| رقم الطبعة | 21 |
| رقم التصنيف | 004.3 |
| رقم المادة | MSM |
| 100 ## - المدخل الرئيسى - إسم شخصى | |
| الإسم الشخصى | Mathur, Sunil |
| 9 (RLIN) | 39949 |
| 245 ## - بيان العنوان | |
| العنوان | 8086 Microprocessor : |
| بقية العنوان | Architecture, Programming and Interfacing / |
| بيان المسئوليه,etc | Sunil Mathur |
| 246 ## - العنوان الموازى | |
| عنوان صحيح/عنوان مختصر | دليل التجارب العملية في أنظمة المعالج |
| 250 ## - بيان الطبعة | |
| بيان الطبعة | 1st ed. |
| 260 ## - PUBLICATION, DISTRIBUTION, ETC. (IMPRINT) | |
| مكان الناشر او الموزع | Amman, Jordan : |
| اسم الناشر او الموزع | PHI, |
| تاريخ النشر أو التوزيع | 2011. |
| 300 ## - الوصف المادى | |
| التعداد | 153 p. ; |
| أبعاد الوعاء | 24 c.m. |
| 650 ## - المدخل الاضافى بالموضوع-مصطلح موضوعى | |
| مصطلح موضوعي أو اسم جغرافي كعنصر مدخل | Microprocessors |
| 9 (RLIN) | 3489 |
| 650 ## - المدخل الاضافى بالموضوع-مصطلح موضوعى | |
| مصطلح موضوعي أو اسم جغرافي كعنصر مدخل | Computers. |
| 9 (RLIN) | 52373 |
| 700 ## - المدخل الاضافى - اسم شخصى | |
| الإسم الشخصى | Abu Zaher, Mazen Mohammad. |
| 9 (RLIN) | 3490 |
| 942 ## - عناصر المدخل الإضافي( كوها) | |
| مصدر التصنيف او مخطط الترفيف | Dewey Decimal Classification |
| Koha [default] item type | DVD |
| حالة الفقد | نموذج السعر الفعال | حالة تلف | ليس للاعارة | رقم الطلب | تاريخ الاكتساب | الموقع الحالي | الباركود | الفرع الرئيسي | Date last seen | نوع المادة فى نظام كوها | مصدر التصنيف او خطة الترفيف | Total Checkouts | Date last checked out |
|---|---|---|---|---|---|---|---|---|---|---|---|---|---|
| 2015-10-13 | 004.3 MSM | 2015-10-13 | المكتبة المركزية بالمجمعة (CL) | 00654325 | المكتبة المركزية بالمجمعة (CL) | 2015-10-13 | DVD | Dewey Decimal Classification | |||||
| 2015-10-13 | 004.3 MSM | 2015-10-13 | المكتبة المركزية بالمجمعة (CL) | 00654326 | المكتبة المركزية بالمجمعة (CL) | 2015-10-13 | DVD | Dewey Decimal Classification | |||||
| 2015-10-13 | 004.3 MSM | 2015-10-13 | المكتبة المركزية بالمجمعة (CL) | 00654327 | المكتبة المركزية بالمجمعة (CL) | 2016-04-21 | DVD | Dewey Decimal Classification | 1 | 2016-02-04 | |||
| 2015-10-15 | 004.3 MSM | 2015-10-15 | مكتبة مجمع الكليات بالزلفى - طلاب (SZM) | 00654543 | مكتبة مجمع الكليات بالزلفى - طلاب (SZM) | 2015-10-15 | كتاب | Dewey Decimal Classification | |||||
| 2015-10-15 | 004.3 MSM | 2015-10-15 | مكتبة مجمع الكليات بالزلفى - طلاب (SZM) | 00654544 | مكتبة مجمع الكليات بالزلفى - طلاب (SZM) | 2015-10-15 | كتاب | Dewey Decimal Classification |
